000 00280nam a22001217a 4500
008 160617b xxu||||| |||| 00| 0 eng d
082 _a80
100 _94
_aPriddy, R
245 _aHappy Baby 123
260 _aNoida
_b Martin's Press
_c2001
300 _aHappy Baby 123
942 _2ddc
_cBK
999 _c4
_d4